[Event "CAN-ch"]
[Site "Toronto CAN"]
[Date "2006.08.23"]
[Round "6"]
[White "Masse, Hugues"]
[Black "Urquhart, Eddie"]
[Result "1/2-1/2"]
[WhiteElo "2178"]
[BlackElo "2212"]
[PlyCount "26"]
[EventDate "2006.08.18"]
[EventType "swiss"]
[EventRounds "9"]
[EventCountry "CAN"]
[Source "Mark Crowther"]
[SourceDate "2006.08.28"]

1. d4 Nf6 2. c4 e6 3. Nc3 Bb4 4. Qc2 c5 5. dxc5 Bxc5 6. Nf3 Qb6 7. e3 Qc7 8. b3
a6 9. Bb2 Be7 10. Be2 b6 11. O-O Bb7 12. Rfd1 d6 13. Rac1 Nbd7 1/2-1/2

[Event "CAN-ch"]
[Site "Toronto CAN"]
[Date "2006.08.23"]
[Round "6"]
[White "Ochkoos, Jura"]
[Black "Ademi, Sami"]
[Result "1/2-1/2"]
[WhiteElo "2305"]
[BlackElo "2249"]
[PlyCount "166"]
[EventDate "2006.08.18"]
[EventType "swiss"]
[EventRounds "9"]
[EventCountry "CAN"]
[Source "Mark Crowther"]
[SourceDate "2006.08.28"]

1. e4 c5 2. Nf3 Nc6 3. d4 cxd4 4. Nxd4 g6 5. c4 Nf6 6. Nc3 Nxd4 7. Qxd4 d6 8.
Be3 Bg7 9. f3 O-O 10. Qd2 Be6 11. Rc1 Rc8 12. b3 a6 13. Be2 Nd7 14. O-O Kh8 15.
Nd5 f6 16. Qb4 Bxd5 17. cxd5 Rc7 18. g3 Qb8 19. Rxc7 Qxc7 20. Rc1 Qb8 21. f4
Rc8 22. Rxc8+ Qxc8 23. Bg4 f5 24. exf5 Nf6 25. Bf3 gxf5 26. Qd2 Ng4 27. Bb6 Qc3
28. Qxc3 Bxc3 29. h3 Nh6 30. Bh5 Ng8 31. Bf7 Kg7 32. Be6 Nf6 33. Kg2 h5 34. Kf3
Kf8 35. a4 a5 36. Bf2 Bb4 37. Bxf5 Nxd5 38. Be4 Nf6 39. Bxb7 e6 40. Ke2 d5 41.
Bd4 Ne4 42. g4 hxg4 43. hxg4 Nd2 44. g5 Nxb3 45. Be5 Kf7 46. Bc6 Bc5 47. Kd3
Nc1+ 48. Kd2 Nb3+ 49. Kc3 Nc1 50. Bb5 Na2+ 51. Kb3 Nc1+ 52. Kb2 Be3 53. Bc7 Kg6
54. Bxa5 Bxf4 55. Bd8 d4 56. a5 d3 57. Bb6 d2 58. Ba4 Kxg5 59. a6 Bb8 60. Kc2
d1=Q+ 61. Kxd1 Nd3 62. Kd2 Nb4 63. a7 Bxa7 64. Bxa7 Kf5 65. Kc3 Nd5+ 66. Kd4
Kf6 67. Bb8 Ne7 68. Bc7 Nf5+ 69. Ke4 Ne7 70. Be8 Ng6 71. Bd8+ Kg7 72. Bg5 Nh8
73. Bd2 Nf7 74. Bd7 Kf6 75. Ba4 Nd6+ 76. Kd4 Nf7 77. Be1 Kg5 78. Ke4 Kf6 79.
Bh4+ Kg7 80. Bb3 Kg6 81. Kf4 e5+ 82. Kg4 Nh6+ 83. Kf3 Nf5 1/2-1/2

[Event "CAN-ch"]
[Site "Toronto CAN"]
[Date "2006.08.23"]
[Round "6"]
[White "Plotkin, Victor"]
[Black "Lipnowski, Samuel"]
[Result "1-0"]
[WhiteElo "2164"]
[BlackElo "2247"]
[PlyCount "141"]
[EventDate "2006.08.18"]
[EventType "swiss"]
[EventRounds "9"]
[EventCountry "CAN"]
[Source "Mark Crowther"]
[SourceDate "2006.08.28"]

1. e4 c5 2. c3 d6 3. d4 Nf6 4. dxc5 Nc6 5. Qc2 dxc5 6. Be3 e6 7. Na3 Be7 8. Nf3
O-O 9. Be2 b6 10. O-O Bb7 11. Bd3 Qc7 12. h3 Rad8 13. Rad1 a6 14. Bg5 h6 15.
Bh4 b5 16. Qe2 c4 17. Bb1 Nh5 18. Bxe7 Nxe7 19. Rxd8 Rxd8 20. Rd1 Rxd1+ 21.
Qxd1 e5 22. Bc2 Nf6 23. Qe2 Qc5 24. Nb1 Nh5 25. Qd1 Qc7 26. Qe2 Nf4 27. Qe3
Neg6 28. Nbd2 f6 29. Kh2 Qd7 30. Ng1 Bc8 31. b3 cxb3 32. Nxb3 Qc7 33. Qc5 Qxc5
34. Nxc5 Kf8 35. g3 Ne6 36. Nd3 Ke7 37. Ne2 Bb7 38. f3 Kd6 39. Kg2 Ngf8 40. Kf2
Nd7 41. Ke3 Nb6 42. Nb2 Nc5 43. Nc1 a5 44. Nb3 a4 45. Nxc5 Kxc5 46. Kd2 Bc8 47.
h4 Be6 48. Nd3+ Kd6 49. Nb4 Nc4+ 50. Kc1 Bh3 51. Bd3 Bg2 52. Be2 Kc5 53. Nd5 h5
54. Nc7 Bh3 55. Ne8 g6 56. Nxf6 Nb6 57. g4 hxg4 58. fxg4 Kd6 59. Bxb5 Ke6 60.
g5 Kd6 61. Be8 Be6 62. Kb1 a3 63. Bxg6 Bc4 64. h5 Na4 65. Nd5 Bxd5 66. exd5
Nxc3+ 67. Kc2 Nxa2 68. Kb3 Nb4 69. h6 a2 70. Kb2 Nxd5 71. h7 1-0

[Event "CAN-ch"]
[Site "Toronto CAN"]
[Date "2006.08.24"]
[Round "7"]
[White "Arsenault, Nicolas"]
[Black "Gardner, Robert"]
[Result "1/2-1/2"]
[WhiteElo "2113"]
[BlackElo "2217"]
[PlyCount "81"]
[EventDate "2006.08.18"]
[EventType "swiss"]
[EventRounds "9"]
[EventCountry "CAN"]
[Source "Mark Crowther"]
[SourceDate "2006.08.28"]

1. e4 d6 2. d4 Nf6 3. Nc3 g6 4. f4 Bg7 5. Nf3 c5 6. dxc5 Qa5 7. Bd3 Qxc5 8. Qe2
Bg4 9. Be3 Qa5 10. O-O Nc6 11. Qe1 Bxf3 12. Rxf3 O-O 13. Kh1 a6 14. Rh3 e6 15.
a3 Rac8 16. Qh4 h5 17. Rf3 Ng4 18. Bd2 Qd8 19. Qe1 Qe7 20. h3 Nf6 21. Ne2 Nd7
22. Bc3 Bxc3 23. Nxc3 Nc5 24. Qg3 Nd4 25. Rff1 Nxd3 26. cxd3 Rc5 27. Qf2 Nb5
28. Nxb5 Rxb5 29. Rac1 Rc5 30. b4 Rc7 31. Rxc7 Qxc7 32. f5 Re8 33. f6 Rc8 34.
Qf4 Qd8 35. g4 hxg4 36. hxg4 Rc2 37. Qh6 Qf8 38. Qh4 Qc8 39. Qh6 Qf8 40. Qh4
Qc8 41. Qh6 1/2-1/2

[Event "CAN-ch"]
[Site "Toronto CAN"]
[Date "2006.08.24"]
[Round "7"]
[White "Buscar, Michael"]
[Black "Anastasovski, Nikola"]
[Result "1-0"]
[WhiteElo "2127"]
[BlackElo "2016"]
[PlyCount "151"]
[EventDate "2006.08.18"]
[EventType "swiss"]
[EventRounds "9"]
[EventCountry "CAN"]
[Source "Mark Crowther"]
[SourceDate "2006.08.28"]

1. d4 f5 2. g3 e6 3. Bg2 Nf6 4. Nh3 c5 5. c3 Nc6 6. O-O d5 7. b3 cxd4 8. cxd4
Bd6 9. Bb2 O-O 10. Nd2 Bd7 11. Nf3 Qc7 12. Rc1 Ng4 13. e3 h6 14. Nf4 g5 15. Ng6
Rf7 16. Qe2 Kh7 17. Nge5 Ngxe5 18. dxe5 Be7 19. Nd4 g4 20. Bxd5 Qa5 21. Bxc6
bxc6 22. Rfd1 c5 23. Bc3 Qb6 24. Nc2 Bc6 25. Ne1 Bb7 26. f3 Qc6 27. Kf2 h5 28.
a4 h4 29. Qb5 hxg3+ 30. hxg3 Qxb5 31. axb5 Bd5 32. Ra1 Kg6 33. Nd3 Bg5 34. Nxc5
Rc8 35. Rxd5 exd5 36. Ra6+ Kh7 37. Bd4 Rfc7 38. b4 Be7 39. f4 Rb8 40. Rc6 Rcc8
41. Na6 Rxc6 42. bxc6 Rc8 43. b5 Bd8 44. Bxa7 Ba5 45. Bc5 Kg6 46. e6 Kf6 47. e7
Kf7 48. Ke2 Ke8 49. Nb4 Kf7 50. Nxd5 Ke6 51. Bb6 Kxd5 52. Bxa5 Ra8 53. Bd8 Ra2+
54. Kd1 Ke4 55. e8=Q+ Kf3 56. Bh4 Kg2 57. c7 Kh3 58. Qc6 Kh2 59. Qc2+ Kh3 60.
Qxf5 Ra1+ 61. Kc2 Ra2+ 62. Kb3 Re2 63. Qxg4+ Kxg4 64. c8=Q+ Kf3 65. e4 Re3+ 66.
Qc3 Kxe4 67. Qxe3+ Kxe3 68. b6 Kf3 69. b7 Kg2 70. g4 Kh3 71. g5 Kg4 72. g6 Kh3
73. g7 Kh2 74. g8=Q Kh1 75. Bf2 Kh2 76. Qg3+ 1-0

[Event "CAN-ch"]
[Site "Toronto CAN"]
[Date "2006.08.24"]
[Round "7"]
[White "Chung, Kevin"]
[Black "Patterson, Roger"]
[Result "1/2-1/2"]
[WhiteElo "2047"]
[BlackElo "2160"]
[PlyCount "118"]
[EventDate "2006.08.18"]
[EventType "swiss"]
[EventRounds "9"]
[EventCountry "CAN"]
[Source "Mark Crowther"]
[SourceDate "2006.08.28"]

1. e4 c5 2. Nf3 d6 3. d4 cxd4 4. Nxd4 Nf6 5. Nc3 e6 6. Be2 Be7 7. Be3 Nc6 8.
O-O O-O 9. f4 a6 10. Kh1 Qc7 11. Qe1 Re8 12. Qg3 Bf8 13. Nxc6 bxc6 14. e5 dxe5
15. fxe5 Nd5 16. Bg5 Nxc3 17. Qxc3 Be7 18. Bxe7 Rxe7 19. Qc5 Rd7 20. Bc4 Bb7
21. Rad1 Rad8 22. Rd3 Rxd3 23. cxd3 Rd7 24. Bxe6 Re7 25. Bc4 Bc8 26. d4 Be6 27.
Bxe6 Rxe6 28. b4 Qd8 29. Qa7 f6 30. Qxa6 Qxd4 31. exf6 Rxf6 32. Qc8+ Kf7 33.
Qc7+ Kg6 34. Qg3+ Kh6 35. Qh3+ Kg6 36. Qg3+ Kh6 37. Rxf6+ gxf6 38. Qe1 f5 39.
h3 f4 40. a4 Kg5 41. Qe7+ Kg6 42. Qe6+ Kg7 43. Qe1 Kf6 44. a5 Qc4 45. Qd2 Ke5
46. Kg1 h5 47. Kf2 Kf5 48. Qd7+ Kg5 49. Qe7+ Kg6 50. Qd6+ Kf7 51. Kf3 Qf1+ 52.
Ke4 Qxg2+ 53. Ke5 Qe2+ 54. Kf5 Qc2+ 55. Kg5 Qg2+ 56. Kxh5 Qxh3+ 57. Kg5 Qg2+
58. Kf5 Qc2+ 59. Kg4 Qg2+ 1/2-1/2

[Event "CAN-ch"]
[Site "Toronto CAN"]
[Date "2006.08.24"]
[Round "7"]
[White "Filipovich, David"]
[Black "Ademi, Sami"]
[Result "1/2-1/2"]
[WhiteElo "2236"]
[BlackElo "2249"]
[PlyCount "53"]
[EventDate "2006.08.18"]
[EventType "swiss"]
[EventRounds "9"]
[EventCountry "CAN"]
[Source "Mark Crowther"]
[SourceDate "2006.08.28"]

1. Nf3 Nf6 2. g3 g6 3. Bg2 d5 4. O-O Bg7 5. d4 O-O 6. c4 dxc4 7. Na3 c3 8. bxc3
c5 9. e3 Nc6 10. Qe2 Ne4 11. Bb2 Qa5 12. Rfc1 cxd4 13. cxd4 Qh5 14. Qb5 Qxb5
15. Nxb5 a6 16. Nc7 Rb8 17. Ne5 Nxe5 18. Bxe4 Nd7 19. Ba3 Bf6 20. Nd5 Re8 21.
Rc7 e6 22. Nxf6+ Nxf6 23. Bf3 Nd5 24. Bxd5 exd5 25. Rac1 Be6 26. f3 Red8 27.
Kf2 1/2-1/2

[Event "CAN-ch"]
[Site "Toronto CAN"]
[Date "2006.08.24"]
[Round "7"]
[White "Haessel, Dale"]
[Black "Stevens, Christian"]
[Result "1/2-1/2"]
[WhiteElo "2195"]
[BlackElo "2314"]
[PlyCount "45"]
[EventDate "2006.08.18"]
[EventType "swiss"]
[EventRounds "9"]
[EventCountry "CAN"]
[Source "Mark Crowther"]
[SourceDate "2006.08.28"]

1. c4 Nf6 2. g3 c6 3. Bg2 d5 4. Qb3 e5 5. cxd5 cxd5 6. Nc3 Nc6 7. Nxd5 Nd4 8.
Nxf6+ Qxf6 9. Qd3 Bf5 10. Be4 Bg6 11. Nf3 O-O-O 12. Nxd4 Rxd4 13. Qc3+ Kb8 14.
Bg2 Bb4 15. Qe3 Rhd8 16. O-O Bxd2 17. Bxd2 Rxd2 18. Rfc1 Qd6 19. Rc5 Rd1+ 20.
Rxd1 Qxd1+ 21. Bf1 f6 22. Rc1 Qd4 23. Qb3 1/2-1/2

[Event "CAN-ch"]
[Site "Toronto CAN"]
[Date "2006.08.24"]
[Round "7"]
[White "Huber, Greg"]
[Black "Peng, David"]
[Result "0-1"]
[WhiteElo "2245"]
[BlackElo "2170"]
[PlyCount "68"]
[EventDate "2006.08.18"]
[EventType "swiss"]
[EventRounds "9"]
[EventCountry "CAN"]
[Source "Mark Crowther"]
[SourceDate "2006.08.28"]

1. c4 e5 2. g3 f5 3. d4 e4 4. Nc3 Nf6 5. Bg5 Bb4 6. Qb3 a5 7. a3 Bxc3+ 8. Qxc3
O-O 9. Nh3 h6 10. Bxf6 Qxf6 11. Nf4 Nc6 12. e3 Ne7 13. Be2 d6 14. h4 Be6 15.
O-O-O Bf7 16. h5 c6 17. g4 b5 18. gxf5 Nxf5 19. d5 Qe7 20. Bg4 b4 21. axb4 axb4
22. Qxb4 Qg5 23. Bxf5 Qxf5 24. dxc6 Rfc8 25. Qb5 Qf6 26. Kb1 Rcb8 27. Nd5 Qxf2
28. c7 Rxb5 29. cxb5 Bxd5 30. Rxd5 Qf7 31. Rhd1 Qxc7 32. Rxd6 Qa5 33. b6 Qa2+
34. Kc1 Rc8+ 0-1

[Event "CAN-ch"]
[Site "Toronto CAN"]
[Date "2006.08.24"]
[Round "7"]
[White "Kaminski, Victor"]
[Black "Hamilton, Robert"]
[Result "0-1"]
[WhiteElo "2129"]
[BlackElo "2333"]
[PlyCount "56"]
[EventDate "2006.08.18"]
[EventType "swiss"]
[EventRounds "9"]
[EventCountry "CAN"]
[Source "Mark Crowther"]
[SourceDate "2006.08.28"]

1. c4 e5 2. Nc3 Nc6 3. g3 Nf6 4. Bg2 Bc5 5. e3 O-O 6. Nge2 a6 7. O-O d6 8. d4
Ba7 9. a3 Bf5 10. d5 Ne7 11. e4 Bd7 12. Qd3 Ne8 13. Be3 Bxe3 14. Qxe3 c6 15. f4
cxd5 16. cxd5 Nf6 17. h3 exf4 18. gxf4 Re8 19. Qd4 Ng6 20. Nc1 Rc8 21. Nd3 b5
22. Rae1 Rc4 23. Qf2 Nh5 24. e5 Nhxf4 25. e6 fxe6 26. dxe6 Bxe6 27. Rxe6 Rxe6
28. Nd5 Re2 0-1

[Event "CAN-ch"]
[Site "Toronto CAN"]
[Date "2006.08.24"]
[Round "7"]
[White "Saint Amand, Paul"]
[Black "Ochkoos, Jura"]
[Result "1/2-1/2"]
[WhiteElo "2126"]
[BlackElo "2305"]
[PlyCount "74"]
[EventDate "2006.08.18"]
[EventType "swiss"]
[EventRounds "9"]
[EventCountry "CAN"]
[Source "Mark Crowther"]
[SourceDate "2006.08.28"]

1. e4 e5 2. Nf3 Nc6 3. Bb5 Nf6 4. O-O Nxe4 5. d4 Nd6 6. Bxc6 dxc6 7. dxe5 Nf5
8. Qxd8+ Kxd8 9. Nc3 h6 10. b3 Ke8 11. Bb2 Be6 12. Rad1 Rd8 13. h3 Be7 14.
Rxd8+ Kxd8 15. g4 Nh4 16. Nxh4 Bxh4 17. f4 h5 18. f5 Bc8 19. Ne4 hxg4 20. hxg4
Be7 21. Kg2 Rh4 22. Kg3 Rh7 23. Bc1 Ke8 24. f6 gxf6 25. Nxf6+ Bxf6 26. exf6 Be6
27. Rd1 Bd5 28. c4 Rh1 29. Rxh1 Bxh1 30. Kf4 Bg2 31. g5 Bf1 32. c5 Bd3 33. b4
Kd7 34. Ke5 b6 35. Be3 Bc2 36. a3 Kc8 37. Kd4 Kd7 1/2-1/2

[Event "CAN-ch"]
[Site "Toronto CAN"]
[Date "2006.08.24"]
[Round "7"]
[White "Tremblay, Rejean"]
[Black "Plotkin, Victor"]
[Result "1-0"]
[WhiteElo "2139"]
[BlackElo "2164"]
[PlyCount "111"]
[EventDate "2006.08.18"]
[EventType "swiss"]
[EventRounds "9"]
[EventCountry "CAN"]
[Source "Mark Crowther"]
[SourceDate "2006.08.28"]

1. d4 d5 2. c4 e6 3. Nc3 Nf6 4. Nf3 Be7 5. Bg5 O-O 6. Rc1 b6 7. e3 Bb7 8. cxd5
Nxd5 9. Bxe7 Qxe7 10. Be2 Rc8 11. O-O Nd7 12. Nxd5 exd5 13. Qa4 c5 14. Qa3 Nf6
15. Rc2 Kf8 16. dxc5 Rxc5 17. Rfc1 Rxc2 18. Qxe7+ Kxe7 19. Rxc2 Rc8 20. Rxc8
Bxc8 21. Nd4 Bd7 22. f3 Ne8 23. Kf2 Nd6 24. Bd3 g6 25. Ke2 Nc4 26. b3 Nd6 27.
Kd2 Nb7 28. Kc3 Nd6 29. a3 Ne8 30. h4 h6 31. g4 Kf6 32. Ba6 Nd6 33. Be2 g5 34.
hxg5+ Kxg5 35. f4+ Kf6 36. Bf3 Ne4+ 37. Kd3 Nf2+ 38. Ke2 Nxg4 39. Bxd5 Ke7 40.
b4 Nf6 41. Bc6 Bg4+ 42. Kf2 Kd6 43. e4 Kc7 44. e5 Nh5 45. Bf3 Nxf4 46. Nb5+ Kb8
47. Bxg4 Nd3+ 48. Kg3 Nxe5 49. Be2 a5 50. bxa5 bxa5 51. Kf4 Nc6 52. Bf3 Na7 53.
Nxa7 Kxa7 54. a4 Kb6 55. Bh5 f6 56. Kf5 1-0

[Event "CAN-ch"]
[Site "Toronto CAN"]
[Date "2006.08.25"]
[Round "8"]
[White "Bailey, Doug"]
[Black "Arsenault, Nicolas"]
[Result "1-0"]
[WhiteElo "2308"]
[BlackElo "2113"]
[PlyCount "99"]
[EventDate "2006.08.18"]
[EventType "swiss"]
[EventRounds "9"]
[EventCountry "CAN"]
[Source "Mark Crowther"]
[SourceDate "2006.08.28"]

1. e4 e6 2. d4 d5 3. Nc3 Nf6 4. Bg5 Bb4 5. e5 h6 6. Bd2 Bxc3 7. Bxc3 Ne4 8. Nf3
c5 9. Bd3 Nxc3 10. bxc3 Qa5 11. Qd2 Nc6 12. h4 cxd4 13. cxd4 Qxd2+ 14. Kxd2 Na5
15. h5 Bd7 16. Rh4 Rc8 17. Rg4 O-O 18. Rh1 Nc4+ 19. Ke2 Nb2 20. Rh3 Nxd3 21.
Kxd3 Bb5+ 22. Kd2 Kh8 23. Rhg3 Rg8 24. Rf4 Rgf8 25. Nh4 Kh7 26. Rgf3 Kg8 27. g4
Rc7 28. Rb3 Ba4 29. Rb2 Rfc8 30. c3 Rxc3 31. Rxb7 Rc2+ 32. Ke1 Rxa2 33. Kf1 Rf8
34. Rf3 Bd1 35. Rg3 Rd2 36. Rxa7 Rxd4 37. f3 Bb3 38. Kg2 Rd2+ 39. Kh3 Bc4 40.
Rg1 Kh7 41. Rb1 Ra2 42. Re7 d4 43. Rbb7 d3 44. Ng6 Rg8 45. Rxf7 d2 46. Rbd7 Bd5
47. Nf8+ Kh8 48. Rf6 Rxf8 49. Rxf8+ Kh7 50. Rdd8 1-0

[Event "CAN-ch"]
[Site "Toronto CAN"]
[Date "2006.08.25"]
[Round "8"]
[White "Dougherty, Michael"]
[Black "Anastasovski, Nikola"]
[Result "1-0"]
[WhiteElo "2186"]
[BlackElo "2016"]
[PlyCount "81"]
[EventDate "2006.08.18"]
[EventType "swiss"]
[EventRounds "9"]
[EventCountry "CAN"]
[Source "Mark Crowther"]
[SourceDate "2006.08.28"]

1. d4 f5 2. Bg5 Nf6 3. Bxf6 exf6 4. e3 b6 5. Qf3 Nc6 6. Qxf5 g6 7. Qd3 Bb7 8.
Nf3 Nb4 9. Qd1 Bd6 10. a3 Nc6 11. Bd3 f5 12. Nbd2 Qf6 13. Qe2 O-O 14. Ba6 Bxa6
15. Qxa6 Rae8 16. O-O-O f4 17. Qc4+ Rf7 18. Rhe1 fxe3 19. fxe3 Bf8 20. Rf1 Kh8
21. Ne5 Nxe5 22. dxe5 Qxe5 23. Rxf7 Bg7 24. Qd4 d5 25. Nf3 Qxd4 26. exd4 c6 27.
Rxa7 h6 28. Rc7 Re6 29. Re1 Rxe1+ 30. Nxe1 Bxd4 31. Rxc6 Kg7 32. Nf3 Be3+ 33.
Kd1 h5 34. Nh4 Bg1 35. Rxg6+ Kf7 36. Rg5 Bxh2 37. Rxd5 Bg1 38. Rxh5 Kg7 39. g4
Bf2 40. Ke2 Bg1 41. Nf3 1-0

[Event "CAN-ch"]
[Site "Toronto CAN"]
[Date "2006.08.25"]
[Round "8"]
[White "Gardner, Robert"]
[Black "Findlay, Ian"]
[Result "1/2-1/2"]
[WhiteElo "2217"]
[BlackElo "2325"]
[PlyCount "129"]
[EventDate "2006.08.18"]
[EventType "swiss"]
[EventRounds "9"]
[EventCountry "CAN"]
[Source "Mark Crowther"]
[SourceDate "2006.08.28"]

1. f4 g6 2. Nf3 Bg7 3. e4 c5 4. c3 d6 5. Bc4 Nf6 6. Qe2 O-O 7. e5 dxe5 8. fxe5
Nd5 9. d3 Nc6 10. Bg5 h6 11. Bd2 Nb6 12. Bb3 Bf5 13. e6 Qxd3 14. exf7+ Kh7 15.
Na3 Qxe2+ 16. Kxe2 Nd8 17. Be3 Nd7 18. Nh4 Bg4+ 19. Kd2 Bf6 20. h3 Be6 21. Nf3
Bxf7 22. Ba4 Nb6 23. Bc2 Ne6 24. Rae1 Nd5 25. Bf2 Rad8 26. Kc1 Ndf4 27. Ne5 Be8
28. g3 Nd5 29. Nxg6 Bxg6 30. Bxg6+ Kxg6 31. Rxe6 Rd6 32. Re2 b6 33. Nc4 Bg5+
34. Kc2 Rdf6 35. Rh2 Rf5 36. g4 Rf4 37. Ne5+ Kg7 38. Nc6 a6 39. b3 Rf3 40. Be1
Bf6 41. c4 Nf4 42. Re4 Rxh3 43. Rxh3 Nxh3 44. Nxe7 Ng5 45. Re2 Nf3 46. Bf2 Ne5
47. Nd5 Nxg4 48. Bg1 h5 49. Nxb6 Bd4 50. Bxd4+ cxd4 51. Kd3 h4 52. Rg2 Rf3+ 53.
Ke4 Rg3 54. Rxg3 hxg3 55. Kf3 d3 56. Nd5 d2 57. Nc3 Nf2 58. b4 Kf6 59. b5 axb5
60. cxb5 Ke6 61. a4 Kd7 62. a5 d1=Q+ 63. Nxd1 Nxd1 64. Kxg3 Nc3 65. b6 1/2-1/2

[Event "CAN-ch"]
[Site "Toronto CAN"]
[Date "2006.08.25"]
[Round "8"]
[White "Haessel, Dale"]
[Black "Filipovich, David"]
[Result "1-0"]
[WhiteElo "2195"]
[BlackElo "2236"]
[PlyCount "69"]
[EventDate "2006.08.18"]
[EventType "swiss"]
[EventRounds "9"]
[EventCountry "CAN"]
[Source "Mark Crowther"]
[SourceDate "2006.08.28"]

1. c4 g6 2. g3 Bg7 3. Bg2 c5 4. Nc3 Nc6 5. a3 e6 6. Rb1 Nge7 7. b4 d6 8. Nf3
O-O 9. O-O b6 10. Qc2 Bb7 11. bxc5 dxc5 12. d3 Qd7 13. Bb2 Rad8 14. Nb5 e5 15.
a4 Rfe8 16. a5 Nd4 17. Nbxd4 exd4 18. axb6 axb6 19. Bc1 Nc8 20. h4 h6 21. Bf4
Re6 22. Qd2 Rde8 23. Rfe1 Kh7 24. Bh3 f5 25. h5 g5 26. Bxf5+ Kh8 27. Be5 Bxe5
28. Nxe5 Qc7 29. Ng6+ Kg7 30. Bxe6 Rxe6 31. e4 dxe3 32. Rxe3 Rf6 33. Ne5 g4 34.
Qb2 Kh7 35. Nxg4 1-0

[Event "CAN-ch"]
[Site "Toronto CAN"]
[Date "2006.08.25"]
[Round "8"]
[White "Henry, Liam"]
[Black "Djerkovic, Miladin"]
[Result "1/2-1/2"]
[WhiteElo "2090"]
[BlackElo "2225"]
[PlyCount "30"]
[EventDate "2006.08.18"]
[EventType "swiss"]
[EventRounds "9"]
[EventCountry "CAN"]
[Source "Mark Crowther"]
[SourceDate "2006.08.28"]

1. e4 e5 2. Nf3 Nc6 3. Bb5 a6 4. Bxc6 dxc6 5. O-O f6 6. d4 Bg4 7. dxe5 Qxd1 8.
Rxd1 fxe5 9. Rd3 Bd6 10. Nbd2 Nf6 11. Nc4 O-O 12. Nfxe5 Be2 13. Rd2 Bxc4 14.
Nxc4 Nxe4 15. Re2 Rae8 1/2-1/2

[Event "CAN-ch"]
[Site "Toronto CAN"]
[Date "2006.08.25"]
[Round "8"]
[White "Kaminski, Victor"]
[Black "Reeve, Jeff"]
[Result "0-1"]
[WhiteElo "2129"]
[BlackElo "2252"]
[PlyCount "74"]
[EventDate "2006.08.18"]
[EventType "swiss"]
[EventRounds "9"]
[EventCountry "CAN"]
[Source "Mark Crowther"]
[SourceDate "2006.08.28"]

1. d4 Nf6 2. c4 g6 3. Nc3 Bg7 4. g3 O-O 5. Bg2 d6 6. Nf3 Nbd7 7. O-O e5 8. e4
exd4 9. Nxd4 Re8 10. h3 a6 11. Re1 Rb8 12. a4 Ne5 13. b3 Bd7 14. Be3 Qc8 15.
Kh2 h5 16. f4 Neg4+ 17. hxg4 Nxg4+ 18. Kh1 c5 19. Bg1 cxd4 20. Nd5 b5 21. cxb5
axb5 22. a5 Qd8 23. Bf3 b4 24. Bxd4 Rb5 25. Ra2 Rxd5 26. exd5 Rxe1+ 27. Qxe1
Bxd4 28. Qxb4 Bc5 29. Qc3 h4 30. Bxg4 Bxg4 31. b4 Ba7 32. b5 Bc5 33. a6 Qe7 34.
Kh2 Qe4 35. gxh4 Be3 36. Ra4 Bxf4+ 37. Kg1 Qxa4 0-1

[Event "CAN-ch"]
[Site "Toronto CAN"]
[Date "2006.08.25"]
[Round "8"]
[White "Ochkoos, Jura"]
[Black "Tremblay, Rejean"]
[Result "1-0"]
[WhiteElo "2305"]
[BlackElo "2139"]
[PlyCount "66"]
[EventDate "2006.08.18"]
[EventType "swiss"]
[EventRounds "9"]
[EventCountry "CAN"]
[Source "Mark Crowther"]
[SourceDate "2006.08.28"]

1. e4 c5 2. Nf3 d6 3. d4 cxd4 4. Nxd4 Nf6 5. Nc3 a6 6. Bg5 e6 7. Qf3 Be7 8.
O-O-O Qc7 9. Qg3 Nbd7 10. Kb1 b6 11. Bd3 Bb7 12. Rhe1 Ne5 13. Bf1 h6 14. Bc1 g5
15. f3 b5 16. a3 Nfd7 17. Qf2 Nb6 18. g3 O-O-O 19. Ndxb5 axb5 20. Nxb5 Qb8 21.
Qxb6 Nxf3 22. Re3 Kd7 23. Rxf3 Bxe4 24. Qxb8 Rxb8 25. Rxf7 Rhc8 26. Rf2 Rc5 27.
a4 Rbc8 28. Bd3 Bxd3 29. Rxd3 Ra8 30. b3 Rf5 31. Rfd2 Rxb5 32. axb5 Bf6 33.
Rxd6+ Ke7 1-0

[Event "CAN-ch"]
[Site "Toronto CAN"]
[Date "2006.08.25"]
[Round "8"]
[White "Patterson, Roger"]
[Black "Huber, Greg"]
[Result "1-0"]
[WhiteElo "2160"]
[BlackElo "2245"]
[PlyCount "83"]
[EventDate "2006.08.18"]
[EventType "swiss"]
[EventRounds "9"]
[EventCountry "CAN"]
[Source "Mark Crowther"]
[SourceDate "2006.08.28"]

1. e4 c5 2. Nf3 d6 3. d4 cxd4 4. Nxd4 Nf6 5. Nc3 a6 6. Be2 e6 7. O-O Nbd7 8. f4
b5 9. Bf3 Bb7 10. Re1 Rc8 11. a4 b4 12. Nd5 e5 13. fxe5 dxe5 14. Nf5 Bc5+ 15.
Kh1 O-O 16. Bg5 Bxd5 17. exd5 e4 18. Bg4 Qb6 19. d6 Rce8 20. a5 Qb7 21. Ne7+
Kh8 22. Bh3 Rd8 23. Rf1 e3 24. Rxf6 gxf6 25. Bh4 Rg8 26. Nxg8 Rxg8 27. Qf1 Rg6
28. Qf5 Bxd6 29. Qxd7 Qe4 30. Qxd6 Qxh4 31. Qd3 Rg5 32. Qxe3 Re5 33. Qg3 Qd4
34. Rf1 Qxb2 35. Qf3 Rxa5 36. Bf5 Ra1 37. h3 a5 38. Kh2 Qe5+ 39. g3 Rxf1 40.
Qxf1 a4 41. Bd3 Qc5 42. Qxf6+ 1-0

[Event "CAN-ch"]
[Site "Toronto CAN"]
[Date "2006.08.25"]
[Round "8"]
[White "Peng, David"]
[Black "Ristovic, Nenad"]
[Result "1-0"]
[WhiteElo "2170"]
[BlackElo "2293"]
[PlyCount "113"]
[EventDate "2006.08.18"]
[EventType "swiss"]
[EventRounds "9"]
[EventCountry "CAN"]
[Source "Mark Crowther"]
[SourceDate "2006.08.28"]

1. d4 d5 2. c4 e6 3. Nc3 c6 4. e4 dxe4 5. Nxe4 Bb4+ 6. Bd2 Qxd4 7. Bxb4 Qxe4+
8. Be2 Na6 9. Bd6 b6 10. Nf3 Bb7 11. O-O c5 12. Bd3 Qc6 13. Be5 f6 14. Bg3
O-O-O 15. Qe2 Ne7 16. a3 e5 17. Rfe1 Nc7 18. b4 Qd6 19. Be4 Bxe4 20. Qxe4 Nc6
21. b5 Na5 22. h4 h5 23. Re3 Qe6 24. Rc1 Qg4 25. Qc2 Rd6 26. Bxe5 fxe5 27. Nxe5
Qf4 28. Ng6 Rxg6 29. Qxg6 Nxc4 30. g3 Qd6 31. Qf5+ Qd7 32. Qxd7+ Kxd7 33. Rxc4
Nxb5 34. Rf4 Nd6 35. Kf1 b5 36. Re5 Kc6 37. Rg5 a5 38. Rxg7 b4 39. axb4 axb4
40. Ke2 Kb5 41. Kd2 Rd8 42. Kc2 c4 43. Rg5+ Ka4 44. Rd5 b3+ 45. Kc3 Nb5+ 46.
Kxc4 Rxd5 47. Kxd5+ Ka3 48. Rf3 Ka2 49. Rxb3 Kxb3 50. Ke5 Kc3 51. Kf5 Nd6+ 52.
Kg5 Ne4+ 53. Kxh5 Nxf2 54. Kg6 Kd4 55. h5 Ng4 56. h6 Ne5+ 57. Kg7 1-0

[Event "CAN-ch"]
[Site "Toronto CAN"]
[Date "2006.08.25"]
[Round "8"]
[White "Plotkin, Victor"]
[Black "Southam, David"]
[Result "1-0"]
[WhiteElo "2164"]
[BlackElo "2099"]
[PlyCount "123"]
[EventDate "2006.08.18"]
[EventType "swiss"]
[EventRounds "9"]
[EventCountry "CAN"]
[Source "Mark Crowther"]
[SourceDate "2006.08.28"]

1. Nf3 e6 2. g3 d5 3. Bg2 c5 4. d4 Nf6 5. c4 Nc6 6. cxd5 exd5 7. O-O Be7 8. Nc3
O-O 9. dxc5 Bxc5 10. Bg5 Be6 11. Rc1 Be7 12. Nd4 Nxd4 13. Qxd4 Qa5 14. Rfd1
Rfd8 15. a3 Rac8 16. Qa4 Qxa4 17. Nxa4 h6 18. Be3 b6 19. Nc3 Bc5 20. Bd4 Bxd4
21. Rxd4 Rd7 22. Rcd1 Rc4 23. R4d2 Kf8 24. Bf3 Ke7 25. e3 Ne4 26. Nxd5+ Rxd5
27. Rxd5 Bxd5 28. Rxd5 Ng5 29. Bd1 Rc1 30. Kg2 Rb1 31. h4 Ne6 32. Rd2 Nc5 33.
Kf3 Rc1 34. Bc2 Nd7 35. Ke4 Nc5+ 36. Kd5 Kd7 37. b4 Ne6 38. Bf5 Rc6 39. Rc2
Rd6+ 40. Ke5 g6 41. Bh3 Ke7 42. Bxe6 Rxe6+ 43. Kd5 Kd7 44. e4 Rd6+ 45. Ke5 Re6+
46. Kf4 Rf6+ 47. Ke3 Re6 48. f4 Re8 49. e5 h5 50. Ke4 Re6 51. b5 Re8 52. Rc6
Rg8 53. Kd5 Re8 54. Rd6+ Kc7 55. e6 fxe6+ 56. Rxe6 Rg8 57. Re7+ Kb8 58. Ke6 Rc8
59. Rg7 Rc3 60. Rxg6 Re3+ 61. Kf7 Rxa3 62. f5 1-0